Online
Catalog

Una taxonomía de conceptos de la comunicación / (Record no. 1752)

MARC details
000 -CABECERA
campo de control de longitud fija 00977cam a2200265 a 4500
001 - NÚMERO DE CONTROL
campo de control 000001875
005 - FECHA Y HORA DE LA ÚLTIMA TRANSACCIÓN
campo de control 20241009100000.0
008 - DATOS DE LONGITUD FIJA--INFORMACIÓN GENERAL
campo de control de longitud fija 750106s1975 mx b 001 0 spa
040 ## - FUENTE DE LA CATALOGACIÓN
Centro catalogador/agencia de origen DO-SdBNP
Lengua de catalogación spa
Centro/agencia transcriptor BNPHU
041 17 - CÓDIGO DE LENGUA
Código de lengua del texto/banda sonora o título independiente spa
Código de lengua original eng
Fuente del código código de idioma Marc
082 ## - NÚMERO DE LA CLASIFICACIÓN DECIMAL DEWEY
Número de clasificación 302.2
Número de documento/Ítem B636t
100 1# - ENTRADA PRINCIPAL--NOMBRE DE PERSONA
Nombre de persona Blake, Reed H.
9 (RLIN) 6126
240 11 - TÍTULO UNIFORME
Título uniforme A taxonomy of Concepts in Communication.
Lenguaje de la obra Español.
245 14 - MENCIÓN DE TÍTULO
Título Una taxonomía de conceptos de la comunicación /
Mención de responsabilidad, etc. Reed H. Blake, Edwin O. Haroldsen; traducción de Leticia Halperin Donghi.
260 ## - PUBLICACIÓN, DISTRIBUCIÓN, ETC.
Lugar de publicación, distribución, etc. México, D. F. :
Nombre del editor, distribuidor, etc. Nuevomar,
Fecha de publicación, distribución, etc. 1975.
300 ## - DESCRIPCIÓN FÍSICA
Extensión 175 p. ;
Dimensiones 22 cm.
490 1# - MENCIÓN DE SERIE
Mención de serie Atenas
Designación de volumen o secuencia no. 40
534 ## - NOTA SOBRE LA VERSIÓN ORIGINAL
Encabezamiento principal del original Título original:
Mención de título del original A taxonomy of Concepts in Communication
650 #0 - PUNTO DE ACCESO ADICIONAL DE MATERIA--TÉRMINO DE MATERIA
Término de materia o nombre geográfico como elemento de entrada Comunicación
9 (RLIN) 378
650 #4 - PUNTO DE ACCESO ADICIONAL DE MATERIA--TÉRMINO DE MATERIA
Término de materia o nombre geográfico como elemento de entrada Toxonomía de la comunicación
9 (RLIN) 6127
700 1# - PUNTO DE ACCESO ADICIONAL--NOMBRE DE PERSONA
Nombre de persona Halperin Donghi, Leticia ;
Término indicativo de función/relación tr.
9 (RLIN) 6128
700 1# - PUNTO DE ACCESO ADICIONAL--NOMBRE DE PERSONA
Nombre de persona Haroldsen, Edwin O.
9 (RLIN) 6129
830 #0 - PUNTO DE ACCESO ADICIONAL DE SERIE-TÍTULO UNIFORME
Título uniforme Atenas;
Designación de volumen o secuencia no. 40
9 (RLIN) 6130
910 ## - DATOS DE OPCIÓN DEL USUARIO (OCLC)
Datos de opción del usuario Catalogación original noche
Holdings
Estado de retiro Estado de pérdida Restricciones de uso No para préstamo Código de colección Localización permanente Ubicación/localización actual Ubicación en estantería Fecha de adquisición Número de inventario Total de préstamos Signatura topográfica completa Código de barras Fecha visto por última vez Precio válido a partir de Tipo de ítem Koha
    Préstamo interno   Monografías: Libros y Folletos General General En catalogación 03.07.2009 LF1   302.2 B636t 1875-10 25.06.2020 25.06.2020 Préstamo interno
        Monografías: Libros y Folletos Patrimonio Dominicano Patrimonio Dominicano Orden iniciada 03.04.2017 LF1   302.2 B636t 1875-20 25.06.2020 25.06.2020 No se presta

Powered by Koha